000 00385nam a2200157Ia 4500
003 OSt
005 20240208113805.0
008 170524s9999 xx 000 0 und d
020 _a8173918252
040 _cIIMT
100 _aSingh-Ratandeep
245 0 _aMeeting Confrence Association- Event and Distination Management
260 _bKanishka pub
260 _c2006
942 _2ddc
_c02
999 _c7508
_d7508